000 00405nam a2200145Ia 4500
008 230917s9999||||xx |||||||||||||| ||und||
040 _e217570
_aMAIN
041 _aEnglish
082 _a155.5 L526E
100 _aGrange, Daniel Le, ed,
245 0 _aEating disorders in children and adolescents: A clinical handbook
260 _aNew York
_bGuilford Press
_c2011
300 _axv, 512 p.
942 _cBK
999 _c179415
_d179415